000 00982cad a22002415a 4500
001 E153468
008 110801s2010 xxk f 000 0 eng d
020 1 _a9781842195789
035 _a(Sirsi) u153468
041 0 _aeng
100 1 _aCostello, Greg
245 0 0 _aOption pricing theory to value development land
_h[electronic resource]
260 _aLondon
_bRICS
_c2010
490 0 _aRICS Findings in Built and Rural Environments
520 _aLooks at the potential for using option pricing models to value land with development potential. Uses data on residential property and land sales from Perth, Western Australia for the period 1995-2008 to test this valuation method.
521 _aAdvanced
590 _aKA
651 4 _aAustralia
690 _aPROPERTY-PROPERTY APPRAISAL AND VALUATION
700 1 _aLeishman, Chris
856 4 0 _uhttps://www.rics.org/Global/Downloads/Full_report_-_Using_option_pricing_theory.pdf
_zBroken link - not available
942 _n0
999 _c112533
_d112533